000 00539nam a22002057a 4500
003 OSt
005 20240527115207.0
008 160211b xxu||||| |||| 00| 0 eng d
020 _a0130204358
040 _c040a
082 _a004 TAN 1999
100 _aTanenbaum, Andrew S.
_96483
245 _aStructured Computer Organisation
250 _a4th.ed
260 _aNew Jersey;
_bPrentice Hall,
_c1999
300 _axviii, 669p;
_bill :
_c14 cm
504 _aIncludes index
650 _aComputer organisation
_96775
942 _2ddc
_cSLOAN
999 _c3031
_d3031